000 00211nam a2200085Ia 4500
008 191206s9999 xx 000 0 und d
020 _a9.78981E+12
245 0 _aResource Atlas in Physical geography
260 _cc2005
999 _c16793
_d16793